000 00348nam a2200133Ia 4500
008 151001s9999||||xx |||||||||||||| ||und||
100 _aगौतम गावस
245 _aपरंपरा
250 _a1
260 _b"मित्र समाज प्रकाशन, गोवा"
260 _c2013
300 _a96
365 _b21
999 _c999669
_d999666